Riadenie tepelného systému

Enregistré dans:
Détails bibliographiques
Auteur principal: Silanič, Miroslav, 1986- (Auteur)
Autres auteurs: Miklovičová, Eva, 1967- (Directeur de thèse)
Format: Manuscrit Livre
Langue:slovaque
Publié: Bratislava : STU v Bratislave FEI, 2011
Sujets:
Accès en ligne:VAIS
Tags: Ajouter un tag
Pas de tags, Soyez le premier à ajouter un tag!

MARC

LEADER 00000ntm a22000003a 4500
001 stu230559
005 20150617230141.5
008 110709s2011----xo------------------slo-d
040 |a STU  |b slo 
041 0 |a slo 
044 |a xo 
100 1 |a Silanič, Miroslav,  |d 1986-  |4 aut  |u E  |T FEI Fakulta elektrotechniky a informatiky  |X 36146  |U E  |Y 30  |7 A000036146 
242 0 0 |a Control of heating system  |y eng 
245 1 |a Riadenie tepelného systému 
260 |a Bratislava :  |b STU v Bratislave FEI,  |c 2011 
300 |a 60 s 
650 7 |a kybernetika  |2 stusub 
650 7 |a Cybernetics  |2 estusub 
650 7 |a control  |2 estusub 
650 7 |a riadenie  |2 stusub 
650 7 |a tepelné systémy  |2 stusub 
700 1 |a Miklovičová, Eva,  |d 1967-  |4 ths  |u E011  |U FEI Fakulta elektrotechniky a informatiky  |T FEI Ústav robotiky a kybernetiky  |X 4909  |U E011  |Y 356  |7 A000004909 
856 4 |a info a plný text  |u http://is.stuba.sk/zp/portal_zp.pl?podrobnosti=72164  |3 VAIS 
996 |b 284EP09831  |c E*DIPL-9831  |l EE23  |s P  |a 0  |w stu230559_0001